| 000 | 00430nam a2200169Ia 4500 | ||
|---|---|---|---|
| 005 | 20250508154135.0 | ||
| 008 | 008 250505s9999 xx 000 0 eng d | ||
| 037 | _aBooks to be hide in OPAC | ||
| 040 |
_aFEDL _beng _cFEDL |
||
| 041 |
_aeng _2eng |
||
| 084 |
_a725.947, MOS/O _qFEDL |
||
| 245 | 0 | _aMoscow | |
| 245 | 0 | _cState Arts | |
| 260 | _c1955 | ||
| 942 |
_cHB _h725.947, MOS/O |
||
| 999 |
_c1347938 _d1347938 |
||